00584 a2200181 4500952012500000999001500125020001500140050002100155110001300176245002900189264005300218300002100271500001900292650001000311700002800321700002500349942002800374 001040708NFICaMCLbMCLcGENd2021-05-20i2081l0oREF AE6 CHA 2001 p3406r2021-05-20 00:00:00tC. 1w2021-05-20yBK c8539d8539 a0550130012 aREF AE6 CHA 2001 aCHAMBERS aThe Chambers Encyclopedi aEdinburghbChammbers Harrap Publishers Ltdc2001 axiii, 957pbill. aIncludes index aMusic aTrevor AndersoneEditor aUna McGoverneEditor 2lcccBKh6iCHAkREF AE